[Event "AUTO-OPEN-3314"]
[Site "http://www.queenalice.com/game.php?id=1303260"]
[Date "2014.8.22"]
[Round "1"]
[White "TITAN10"]
[Black "kirksadler"]
[Result "0-1"]
[WhiteElo "1822"]
[BlackElo "1638"]

1. e4 Nf6 2. e5 Nd5 3. d4 d6 4. Bc4 Nb6 5. Bd3 g6 6. Nf3 Bg7 7. h3 O-O 8. c3
dxe5 9. dxe5 Nc6 10. Bf4 Be6 11. O-O Qd5 12. Qc2 Rad8 13. Rd1 Bf5 14. Ne1 Bxe5
15. Bxe5 Nxe5 16. Na3 Nxd3 17. Nxd3 Bxd3 18. Qd2 Nc4 19. Nxc4 Bxc4 20. Qxd5 Bxd5
21. b3 e5 22. c4 Bc6 23. Kf1 f5 24. f3 e4 0-1

[Event "AUTO-OPEN-3314"]
[Site "http://www.queenalice.com/game.php?id=1303261"]
[Date "2014.8.22"]
[Round "1"]
[White "kirksadler"]
[Black "maurice91"]
[Result "1/2-1/2"]
[WhiteElo "1719"]
[BlackElo "1826"]

1. d4 d5 2. Nf3 Nf6 3. c4 e6 4. Nc3 Bb4 5. Bg5 Nbd7 6. cxd5 exd5 7. Qc2 c6 8. e3
O-O 9. Bd3 g6 10. O-O Be7 11. Rac1 Nh5 12. Bxe7 Qxe7 13. Rfe1 Ng7 14. e4 dxe4
15. Nxe4 Nb6 16. Nc5 Ne6 17. a4 Rd8 18. a5 Nd5 19. Bc4 Nb4 20. Qb3 Nd5 21. Bxd5
Rxd5 22. a6 b6 23. Nxe6 Bxe6 24. Rxc6 Qd7 25. Qc3 Rc8 26. Rxc8+ Qxc8 27. Qxc8+
Bxc8 28. Re8+ Kg7 29. Rxc8 Ra5 30. g3 Rxa6 31. Rc7 b5 32. Ne5 Rf6 33. Rxf7+
1/2-1/2

[Event "AUTO-OPEN-3314"]
[Site "http://www.queenalice.com/game.php?id=1303262"]
[Date "2014.8.22"]
[Round "1"]
[White "maurice91"]
[Black "kirksadler"]
[Result "0-1"]
[WhiteElo "1848"]
[BlackElo "1697"]

1. d4 e6 2. c4 Nf6 3. Nc3 Bb4 4. Qc2 O-O 5. Nf3 c5 6. Bg5 h6 7. Bxf6 Qxf6 8.
dxc5 Bxc3+ 9. bxc3 Na6 10. e4 e5 11. Be2 Nxc5 12. O-O d6 13. Rad1 Bg4 14. h3 Bd7
15. Nh2 Ba4 16. Qb1 Bxd1 17. Rxd1 Rfd8 18. Ng4 Qg6 19. f3 Rac8 20. Ne3 Qg5 21.
Nd5 b6 22. Qc2 Ne6 23. Bf1 Nf4 24. Kh1 Nxd5 25. cxd5 Rc5 26. c4 b5 27. Qb3 bxc4
28. Bxc4 Rdc8 29. Be2 Rc2 30. Bf1 Rf2 31. Qd3 Rcc2 32. a3 Rxg2 33. Qa6 Rh2# 0-1

[Event "AUTO-OPEN-3314"]
[Site "http://www.queenalice.com/game.php?id=1303263"]
[Date "2014.8.22"]
[Round "1"]
[White "kirksadler"]
[Black "FromentPierre"]
[Result "1-0"]
[WhiteElo "1617"]
[BlackElo "1754"]

1. e4 e6 2. d4 d5 3. Nd2 dxe4 4. Nxe4 a6 5. Bd3 b5 6. Nf3 Bb7 7. O-O Nd7 8. Bg5
Be7 9. a4 h6 10. Bf4 Ngf6 11. Nxf6+ Nxf6 12. Re1 O-O 13. Qe2 Re8 14. axb5 Bxf3
15. Qxf3 a5 16. Be5 c5 17. bxc6 Qc8 18. Bb5 Nd5 19. c7 Nxc7 20. Qg3 f6 21. Bxc7
1-0

[Event "AUTO-OPEN-3314"]
[Site "http://www.queenalice.com/game.php?id=1303264"]
[Date "2014.8.22"]
[Round "1"]
[White "FromentPierre"]
[Black "kirksadler"]
[Result "0-1"]
[WhiteElo "1522"]
[BlackElo "1564"]

1. Nf3 Nf6 2. d4 d5 3. h3 c5 4. Bf4 cxd4 5. Nxd4 Nc6 6. a3 Qb6 7. Nf3 Ne4 8.
Qxd5 Nxf2 9. Rg1 Be6 10. Qd2 Ne4 11. Qe3 Qxb2 12. Qxe4 Qxa1 0-1

[Event "AUTO-INT-2894"]
[Site "http://www.queenalice.com/game.php?id=1303599"]
[Date "2014.8.23"]
[Round "1"]
[White "Alcar"]
[Black "kirksadler"]
[Result "1-0"]
[WhiteElo "1564"]
[BlackElo "1701"]

1. d4 e6 2. c4 Nf6 3. Nc3 d5 4. Bg5 Nbd7 5. Nf3 c6 6. e4 dxe4 7. Nxe4 Be7 8. c5
Nxe4 9. Bxe7 Qxe7 10. Bd3 Ng5 11. Nxg5 Qxg5 12. O-O O-O 13. g3 Nf6 14. f4 Qd5
15. Be2 Rd8 16. Bf3 Qxd4+ 17. Qxd4 Rxd4 18. Rad1 Rxd1 19. Rxd1 Nd5 20. Kf2 b6
21. Bxd5 exd5 22. b4 bxc5 23. bxc5 1-0

[Event "AUTO-INT-2894"]
[Site "http://www.queenalice.com/game.php?id=1303600"]
[Date "2014.8.23"]
[Round "1"]
[White "kirksadler"]
[Black "Alcar"]
[Result "1-0"]
[WhiteElo "1661"]
[BlackElo "1581"]

1. e4 e5 2. Nf3 Nc6 3. Bb5 Nge7 4. c3 d6 5. d4 exd4 6. cxd4 Bd7 7. O-O a6 8. Ba4
b5 9. Bb3 g6 10. Ng5 d5 11. exd5 Na5 12. d6 cxd6 13. Bxf7# 1-0

[Event "AUTO-INT-2894"]
[Site "http://www.queenalice.com/game.php?id=1303618"]
[Date "2014.8.23"]
[Round "1"]
[White "ChessColossos"]
[Black "kirksadler"]
[Result "0-1"]
[WhiteElo "1094"]
[BlackElo "1558"]

1. e4 Nf6 2. Nc3 e5 3. Bc4 Nxe4 4. Nxe4 d5 5. Bd3 dxe4 6. Bxe4 Bd6 7. Nf3 c6 8.
O-O f5 9. Bxf5 Bxf5 10. Re1 O-O 11. d3 Bg4 12. h3 Bxf3 0-1

[Event "AUTO-INT-2894"]
[Site "http://www.queenalice.com/game.php?id=1303619"]
[Date "2014.8.23"]
[Round "1"]
[White "kirksadler"]
[Black "FromentPierre"]
[Result "1-0"]
[WhiteElo "1686"]
[BlackElo "1554"]

1. e4 e6 2. d4 d5 3. e5 c5 4. c3 Nc6 5. Nf3 Bd7 6. Be2 Qb6 7. O-O cxd4 8. cxd4
Nge7 9. Nc3 a6 10. b3 Nf5 11. Be3 Nxe3 12. fxe3 Be7 13. Qc2 O-O 14. Rac1 Rac8
15. Na4 Qa7 16. Qd2 b5 17. Nc5 Bxc5 18. Rxc5 Ne7 19. Rfc1 Rxc5 20. Rxc5 Rc8 21.
b4 Nc6 22. a3 1-0

[Event "AUTO-INT-2894"]
[Site "http://www.queenalice.com/game.php?id=1303620"]
[Date "2014.8.23"]
[Round "1"]
[White "FromentPierre"]
[Black "kirksadler"]
[Result "0-1"]
[WhiteElo "1566"]
[BlackElo "1674"]

1. Nf3 c5 2. c4 Nf6 3. Nc3 e6 4. e4 Nc6 5. d3 d5 6. exd5 exd5 7. cxd5 Nxd5 8.
Nxd5 Qxd5 9. Be2 Be6 10. O-O Bd6 11. b3 O-O 12. Bb2 Rad8 13. Rc1 Bg4 14. h3 Bh5
15. Nh2 Bxe2 16. Qxe2 Rfe8 17. Qf3 Bxh2+ 18. Kxh2 Qxf3 19. gxf3 Re2 20. Ba1 Rxa2
21. Rxc5 Rxd3 0-1

[Event "AUTO-ADV-3246"]
[Site "http://www.queenalice.com/game.php?id=1310165"]
[Date "2014.9.24"]
[Round "1"]
[White "ALDROB"]
[Black "kirksadler"]
[Result "1-0"]
[WhiteElo "1754"]
[BlackElo "1751"]

1. e4 Nf6 2. Nc3 e5 3. Nf3 Bb4 4. Nxe5 Bxc3 5. bxc3 d6 6. Nxf7 Kxf7 7. d3 Re8 8.
Be2 Kg8 9. O-O Nc6 10. f4 Bd7 11. g4 Be6 12. f5 Bf7 13. g5 Nd7 14. Bf4 Nce5 15.
d4 Nc6 16. Bd3 a6 17. Qf3 b5 18. g6 hxg6 19. e5 Ncxe5 20. dxe5 Nxe5 21. Qg3 Nxd3
22. cxd3 1-0

[Event "AUTO-ADV-3246"]
[Site "http://www.queenalice.com/game.php?id=1310166"]
[Date "2014.9.24"]
[Round "1"]
[White "kirksadler"]
[Black "ALDROB"]
[Result "0-1"]
[WhiteElo "1735"]
[BlackElo "1770"]

1. e4 e5 2. Nf3 Nc6 3. Bb5 a6 4. Ba4 Nf6 5. O-O Be7 6. Re1 b5 7. Bb3 O-O 8. h3
Bb7 9. d3 d6 10. a3 Na5 11. Ba2 c5 12. Nbd2 Rc8 13. Nf1 c4 14. Ng3 g6 15. Bg5
Qb6 16. Qd2 Rfd8 17. Rad1 d5 18. Nxe5 dxe4 19. Ng4 cxd3 0-1

[Event "AUTO-ADV-3246"]
[Site "http://www.queenalice.com/game.php?id=1310179"]
[Date "2014.9.24"]
[Round "1"]
[White "Elficolorean"]
[Black "kirksadler"]
[Result "1-0"]
[WhiteElo "1975"]
[BlackElo "1656"]

1. d4 e6 2. c4 Nf6 3. a3 c5 4. d5 exd5 5. cxd5 d6 6. Nc3 g6 7. Bg5 Bg7 8. e4 O-O
9. Qd2 a6 10. f4 Qe8 11. Bd3 1-0

[Event "AUTO-ADV-3246"]
[Site "http://www.queenalice.com/game.php?id=1310180"]
[Date "2014.9.24"]
[Round "1"]
[White "kirksadler"]
[Black "Elficolorean"]
[Result "0-1"]
[WhiteElo "1660"]
[BlackElo "1971"]

1. d4 d5 2. Nf3 Nf6 3. c4 e6 4. Nc3 c5 5. cxd5 cxd4 6. Qxd4 Nxd5 7. e4 Nc6 8.
Bb5 Nxc3 9. Bxc6+ bxc6 10. Qxc3 c5 0-1

[Event "AUTO-ADV-3246"]
[Site "http://www.queenalice.com/game.php?id=1310189"]
[Date "2014.9.24"]
[Round "1"]
[White "kirksadler"]
[Black "Joaquim_Manoel"]
[Result "0-1"]
[WhiteElo "1711"]
[BlackElo "1910"]

1. e4 Nf6 2. e5 Nd5 3. d4 e6 4. Nf3 d6 5. c4 Nb6 6. Nc3 dxe5 7. Nxe5 Bb4 8. Be3
Bxc3+ 9. bxc3 N8d7 10. Nf3 Nf6 11. Bd3 Bd7 12. O-O c6 13. a4 a6 14. a5 Nc8 15.
Ne5 Nd6 16. Re1 O-O 17. c5 Nb5 18. Bg5 Nxc3 19. Bxf6 Qxf6 20. Qc2 Bc8 0-1

[Event "AUTO-ADV-3246"]
[Site "http://www.queenalice.com/game.php?id=1310190"]
[Date "2014.9.24"]
[Round "1"]
[White "Joaquim_Manoel"]
[Black "kirksadler"]
[Result "1-0"]
[WhiteElo "1901"]
[BlackElo "1720"]

1. e4 c5 2. Nf3 Nc6 3. d3 g6 4. Be2 Bg7 5. Nc3 d6 6. Bd2 Nf6 7. Qc1 O-O 8. Bh6
Bg4 9. Bxg7 Kxg7 10. Qd2 Rc8 11. h3 Be6 12. d4 cxd4 13. Nxd4 Qb6 14. Nxe6+ fxe6
15. O-O Nd4 16. Bd3 Qxb2 17. Ne2 Nxe2+ 18. Qxe2 Qe5 19. f4 Qc3 20. Rab1 1-0